On This Day: October 12th Quiz Stats

 Plays Quiz Updated Oct 12, 2017

Challenge
Share
Tweet
Embed
Score 0/7 Timer 03:00
0 Plays Today
Question Answer Wrong Answers
This Australian actor, known for his long-running role as Wolverine in the ‘X-Men’ film series, is born.
1968
Hugh Jackman
91.9%
Russell Crowe
3.5%
Christian Bale
2.2%
Ryan Reynolds
0.9%
This book by Douglas Adams, the first of five in his popular science fiction series, is published.
1979
The Hitchhiker's Guide to the Galaxy
81.3%
Dune
7.3%
Brave New World
3.8%
Ender's Game
5.5%
The Provisional Irish Republican Army attempts to assassinate this Prime Minister by detonating a bomb at the Grand Brighton Hotel.
1984
Margaret Thatcher
77%
James Callaghan
6%
John Major
9.3%
Harold Wilson
5.4%
The first celebration of this holiday in the United States is held in New York City.
1792
Columbus Day
75.3%
Halloween
16%
Guy Fawkes Night
2.6%
Oktoberfest
6.1%
The Criminal Tribes Act is enacted by British rule in ______, naming over 160 communities as ‘Criminal Tribes’.
1871
India
74.2%
Iraq
3.8%
Egypt
7.9%
Sudan
13.2%
President Theodore Roosevelt officially renames the ______ to the White House.
1901
Executive Mansion
60.2%
Presidential Palace
24%
Executive Estate
7.2%
White Residence
7.5%
Equatorial Guinea becomes independent from ______.
1968
Spain
23.6%
France
37.5%
Portugal
32.9%
Denmark
4.1%

Today's Daily Dose

You're not logged in!

Compare scores with friends on all Sporcle quizzes.
OR
Log In

You Might Also Like...

Show Comments

Extras

Top Quizzes Today


Score Distribution

Your Account Isn't Verified!

In order to create a playlist on Sporcle, you need to verify the email address you used during registration. Go to your Sporcle Settings to finish the process.

Report this User

Report this user for behavior that violates our Community Guidelines.

Details: